| 000 | 00865nmm a2200265 a 4500 | ||
|---|---|---|---|
| 001 | ocm0002347617 | ||
| 003 | TR-IsHL | ||
| 005 | 20201028185016.0 | ||
| 008 | 190829s2019 tu tur | ||
| 007 | cr cn | ||
| 020 | _a9786056911675 | ||
| 035 |
_a2347617 _b(N$T) |
||
| 050 | 0 | 4 |
_aPL248.A388 _bA7 2019 |
| 090 | 0 | 4 |
_aPL248.A388 _bA7 2019 |
| 100 | 1 | _aAğtürk, Yakup | |
| 245 | 1 | 0 |
_aAşk'a sarılmak: deneme _h[electronic resource] / _cYakup Ağtürk |
| 260 |
_aİstanbul : _bParana Yayınları, _c2019 |
||
| 300 | _a129 p. | ||
| 650 | 4 | _aDil ve Edebiyat | |
| 650 | 4 | _aLanguage and Literature | |
| 650 | 0 |
_aTürk Edebiyatı _x Denemeler |
|
| 650 | 0 |
_aTurkish literature _x Essays |
|
| 650 | 7 |
_aLITERARY COLLECTIONS / Middle Eastern _2bisacsh |
|
| 856 | 4 | 0 | _uhttp://search.ebscohost.com/login.aspx?direct=true&scope=site&db=e011xww&AN=2347617 |
| 999 |
_c21266 _d21266 |
||